00830nam a22002297a 450000500170000001000130001702000100003003500130004003700160005304000120006908200130008124500930009426000390018727000630022630000200028965000360030965000310034570000230037694200220039999900190042195201600044020170124110007.0 aA-409572 c00.00 aA-409572 bCen Lib/Ret aDPLbEN a327bREG aRegional conflicts causes and effects :ccontributed by Yuri Galin...[at el.]ba study / aAhmedabadbAllied Publishersc1987 aPrarthana Flat (1st Floor), NavrangpurabAhmedabade380009 a113p.c21cm(Hb) aMilitary history, Modern922750 aDeveloping countries96550 aGalin, Yuri922749 2ddccENh327mREG c126235d126235 04104070aLbLd2015-06-25eCen Lib/Ret g0.00l0o327 REGpA-409572r2015-06-25 00:00:00t1v0.00w2016-09-15yENzW/d List No. 6899/9 ; dtd 21/10/2020